| 000 | 00903nam a2200205 a 4500 | ||
|---|---|---|---|
| 001 | 000120788 | ||
| 003 | AM-YEHGA | ||
| 005 | 20250617122533.0 | ||
| 008 | 991013s1974 ru ||||gr|||||||||0|rus|d | ||
| 040 | _aAM-YeHGA | ||
| 041 | 0 | _arus | |
| 245 | 0 | 0 |
_aМетодологические вопросы биокибернетики / _cОтв.ред. Е.С. Геллер ; АН СССР. Науч. совет по комплексной проблеме "Кибернетика"; Секция философских вопросов кибернетики. |
| 260 |
_aМосква : _bНаука, _c1974. |
||
| 300 | _a228 с. | ||
| 650 | 1 | 4 | _aБиология и биологические науки в целом |
| 700 | 1 |
_aГеллер, Е.С. _eред. |
|
| 710 | 2 | _aСекция философских вопросов кибернетики АН СССР | |
| 942 |
_2udc _cBK |
||
| 090 | _c40084 | ||
| 999 |
_c39444 _d39444 |
||